Normal view
MARC view
Entry Topical Term
001 - CONTROL NUMBER
- control field: 12579
003 - CONTROL NUMBER IDENTIFIER
- control field: OSt
005 - DATE AND TIME OF LATEST TRANSACTION
- control field: 20180326130410.0
008 - FIXED-LENGTH DATA ELEMENTS
- fixed length control field: 180326|| aca||aabn | a|a d
040 ## - CATALOGING SOURCE
- Original cataloging agency: OSt
- Transcribing agency: OSt
150 ## - HEADING--TOPICAL TERM
- Topical term or geographic name entry element: Vertebrates
- General subdivision: Anatomy
- General subdivision: Laboratory manuals.
670 ## - SOURCE DATA FOUND
- Source citation: Work cat.: (OSt): Chiasson, Robert B. 12577, Laboratory anatomy of the vertebrates /, c1993.
